000 02005nam a22002297a 4500
003 MN-UlNLM
005 20241110193944.0
008 240911s2022 mp ||||| |||| 00| 0 mon d
020 _a9789919997304
040 _bmon
041 _amon
084 _2NNA
_a85.37
_bД 903
_q85
245 0 _aДэмидийн Хишигт
_cЕрөн ред. Э.Сонинтогос, Д.Даваасүрэн
260 1 _aУБ
_bМөнхийн үсэг
_c2022
300 _a317х
_eЗур
505 _tНэгдүгээр бүлэг. Уг түүх ба урлагт хорхойссон жаал хүү --
_tХоёрдугаар бүлэг. Бурхдад шавилах амны хишигтэй хүү --
_tГуравдугаар бүлэг. Урлагт зүтгэсэн найруулагч --
_tДөрөвдүгээр бүлэг. Ирээдүйгээ тэтгэсэн багш --
520 _aМонгол Улсын кино урлагийн түүхийн салшгүй нэг хэсэг болсон нэрт найруулагч Дэмидийн Хишигт Монгол улсын урлагийн гавъяат зүтгэлтэн, кино найруулагч, Монгол кино үйлдвэр, Монгол телевизэд найруулагч, Телекино үйлдвэрт уран сайхны удирдагчаар ажиллаж, "Монгол гэр", "Монгол эмээл", "Монгол бичиг", "Орхоны хөндийгөөр", "Нүүдэлчид" зэрэг олон кино найруулж "Төр магнай", "Гарьд магнай", "Цэцмагаай", "Нөмрөг хадны цуурай" зэрэг уран сайхны кинонд туслах найруулагчаар ажилласан. "Ингэн эгшиг" баримтат кино нь олон улсын "Солонго" их наадамд тэргүүн байр эзэлж байсан.
546 _amon
650 _aУрлаг
650 _aКино урлаг
942 _cBK
999 _c1145130
_d1145187